| 000 | 00566nam a2200169 4500 | ||
|---|---|---|---|
| 001 | 126353 | ||
| 003 | ES-MaACL | ||
| 005 | 20230906192814.0 | ||
| 007 | t| | ||
| 008 | 070214s1952 sp r ||||1| spa d | ||
| 245 | 0 | 3 |
_aLa recolección del arroz _b: advertencias importantísimas. |
| 260 |
_aValencia : _bVila, _c1952. |
||
| 300 |
_a20 p. ; _c21 cm. |
||
| 500 | _aPrecede al Tit : Federación Sindical de Agricultores Arroceros de España. | ||
| 710 | 2 |
_aFederación Sindical de Agricultores Arroceros de España. _94117 |
|
| 852 |
_aES-MaACL _j1997-F-14 _bR.33097 |
||
| 999 |
_c126353 _d126353 |
||